000 01816nam0a22002531 4500
001 rc\3691699
005 20260407021024.0
021 _aRU
_bРг7340-74
021 _aRU
_b74-49721
035 _a(NLR Aleph) 007757327
090 _a7328099
_c7328099
100 _a20130115d1973 |||y0rusy50 ca
101 0 _arus
102 _aRU
105 _ay b |||||
200 1 _aКаталог заказных спецификаций на технологическое, электротехническое, сантехническое оборудование, КИП, кабельные изделия и материалы по типовым проектам животноводческих и птицеводческих ферм
_fВсесоюз. объединение "Союзсельхозтехника" Совета Министров СССР. Всесоюз. науч.-исслед. и проектный ин-т по организации и экономике материально-техн. снабжения сельск. хоз-ва, технологии хранения и использования удобрений и ядохимикатов (ВНИИМССХ)
210 _aРязань
_cБ. и.
_d1973
215 _a152 с.
_d20
712 0 2 _aВсесоюзный научно-исследовательский и проектный институт по организации и экономике материально-технического снабжения сельского хозяйства, технологии хранения и использования удобрений и ядохимикатов
_cРязань
_9509274
_3RU\NLR\AUTH\8810005914
801 0 _aRU
_bNLR
_gpsbo
801 1 _aRU
_bELAR
_2rusmarc
852 _aNLR
_j73-3/13544
942 _cBOOK
980 _aNB